Score 0/10 Timer 01:00
0 Plays Today
% Correct
Crescendo
86.5%
Decrescendo
78.8%
Fortissimo
74.3%
Pianissimo
65.9%
Staccato
61%
Presto
54.9%
Ritardando
53.9%
Legato
52.7%
Subito
46.1%
Adagio
43.1%

Today's Daily Dose

Remove Ads.
Support Sporcle.
Get the best of Sporcle when you Go Orange. This ad-free experience offers more features, more stats, and more fun while also helping to support Sporcle. Thank you for becoming a member.

You're not logged in!

Compare scores with friends on all Sporcle quizzes.
OR
Log In

Show Comments

Extras

Top Quizzes Today


Score Distribution

Your Account Isn't Verified!

In order to create a playlist on Sporcle, you need to verify the email address you used during registration. Go to your Sporcle Settings to finish the process.

Report this User

Report this user for behavior that violates our Community Guidelines.

Details: